| 000 | 01216 a2200313 4500 | ||
|---|---|---|---|
| 999 |
_c200422449 _d39488 |
||
| 001 | 200422449 | ||
| 003 | TR-AnTOB | ||
| 005 | 20200511141517.0 | ||
| 008 | 150715i20142015tu 000 0 | ||
| 020 | _a9786058813304 | ||
| 040 |
_aTR-AnTOB _btur _erda _cTR-AnTOB |
||
| 041 |
_atur _afre _aeng _ager |
||
| 050 | 1 | 4 |
_aDR592.K4 _bD67 2014-2015 |
| 090 | _aREF DR592.K4 D67 2014-2015 | ||
| 245 | 0 | 0 |
_a4 dilde Atatürk 1881 - 1938 : _bTurkish, English, Français, Deutsch = Türkçe, İngilizce, Fransızca, Almanca / _cderleyen ve hazırlayan Ahmet Ömer Kibar, Ali Türkmen, M. Remzi Barış, Murat Türkmen, Neşe Yılmaz. |
| 246 | 3 | _aDört dilde Atatürk | |
| 264 |
_aİstanbul : _bAtatürkçü Düşünce Kültür Yayınları, _c2014-15. |
||
| 300 |
_a2.volumes: _cillustration; _c33 cm. |
||
| 336 |
_atext _2rdacontent _btxt |
||
| 337 |
_aUnmediated _2rdamedia _bn |
||
| 338 |
_avolume _2rdacarrier _bnc |
||
| 600 | 1 | 0 |
_aAtatürk, Mustafa Kemal, _d1881-1938 _vPictorial works _955309 |
| 650 | 0 |
_aPortrait photography _975054 |
|
| 650 | 0 |
_aPortre fotoğrafçılığı _975055 |
|
| 700 | 1 |
_aTürkmen, Ali _977542 |
|
| 700 | 1 |
_aKibar, Ahmet Ömer _977543 |
|
| 942 |
_cREF _2lcc |
||